000 00557nam a2200181 a 4500
001 000030318
005 20240418073801.0
008 110510s1997 dr a 000 0 spa d
040 _aDO-SdBNP
_bspa
_cBNPHU
082 _axx
_bL961l
100 1 _aLuna Pichardo, Reynaldo
_956984
245 1 0 _aLibaciones :
_bpoemas /
_cReynaldo Luna Pichardo ; cuidado de edicción Miguel Collado.
250 _a2a ed.
260 _aSanto Domingo :
_bImpresora DPI,
_c1997.
300 _a29 p. ;
_c22 cm.
700 1 _aCollado, Miguel A.,
_d1954-
_eed.
_924696
049 _aBNPD
999 _c29810
_d29810